| 000 -LEADER |
| fixed length control field |
01806cam a2200421 a 4500 |
| 001 - CONTROL NUMBER |
| control field |
13478840 |
| 003 - CONTROL NUMBER IDENTIFIER |
| control field |
Nust |
| 005 - DATE AND TIME OF LATEST TRANSACTION |
| control field |
20220831101923.0 |
| 008 - FIXED-LENGTH DATA ELEMENTS--GENERAL INFORMATION |
| fixed length control field |
040203s2004 nyua 000 1 eng |
| 010 ## - LIBRARY OF CONGRESS CONTROL NUMBER |
| LC control number |
2004002402 |
| 020 ## - INTERNATIONAL STANDARD BOOK NUMBER |
| International Standard Book Number |
9780747580690 |
| Terms of availability |
Rs. 596 |
| 035 ## - SYSTEM CONTROL NUMBER |
| System control number |
(OCoLC)ocm54372887 |
| 038 ## - RECORD CONTENT LICENSOR |
| Staff Name |
Arshad |
| 040 ## - CATALOGING SOURCE |
| Original cataloging agency |
DLC |
| Transcribing agency |
DLC |
| Modifying agency |
YDX |
| -- |
YBM |
| -- |
DLC |
| 043 ## - GEOGRAPHIC AREA CODE |
| Geographic area code |
e-uk-en |
| 050 00 - LIBRARY OF CONGRESS CALL NUMBER |
| Classification number |
PR6103.L375 |
| Item number |
J65 2004 |
| 082 00 - DEWEY DECIMAL CLASSIFICATION NUMBER |
| Classification number |
823 |
| Author Mark |
CLA |
| 100 1# - MAIN ENTRY--PERSONAL NAME |
| Personal name |
Clarke, Susanna. |
| 9 (RLIN) |
12005 |
| 245 10 - TITLE STATEMENT |
| Title |
Jonathan Strange & Mr Norrell / |
| Statement of responsibility, etc. |
Susanna Clarke ; illustrations by Portia Rosenberg. |
| 246 3# - VARYING FORM OF TITLE |
| Title proper/short title |
Jonathan Strange and Mr Norrell |
| 250 ## - EDITION STATEMENT |
| Edition statement |
1st U.S. ed. |
| 260 ## - PUBLICATION, DISTRIBUTION, ETC. |
| Place of publication, distribution, etc. |
New York : |
| Name of publisher, distributor, etc. |
Bloomsbury : |
| -- |
Distributed to the trade by Holtzbrinck Publishers, |
| Date of publication, distribution, etc. |
2004. |
| 300 ## - PHYSICAL DESCRIPTION |
| Extent |
1006 p. : |
| Other physical details |
ill. ; |
| Dimensions |
25 cm. |
| 505 0# - FORMATTED CONTENTS NOTE |
| Formatted contents note |
Mr Norrell -- Jonathan Strange -- John Uskglass. |
| 650 #0 - SUBJECT ADDED ENTRY--TOPICAL TERM |
| Topical term or geographic name entry element |
Teacher-student relationships |
| Form subdivision |
Fiction. |
| 9 (RLIN) |
12007 |
| 650 #0 - SUBJECT ADDED ENTRY--TOPICAL TERM |
| Topical term or geographic name entry element |
Magicians |
| Form subdivision |
Fiction. |
| 9 (RLIN) |
12008 |
| 650 #0 - SUBJECT ADDED ENTRY--TOPICAL TERM |
| Topical term or geographic name entry element |
Fairies |
| Form subdivision |
Fiction. |
| 9 (RLIN) |
11070 |
| 651 #0 - SUBJECT ADDED ENTRY--GEOGRAPHIC NAME |
| Geographic name |
London (England) |
| Form subdivision |
Fiction. |
| 9 (RLIN) |
7300 |
| 651 #0 - SUBJECT ADDED ENTRY--GEOGRAPHIC NAME |
| Geographic name |
York (England) |
| Form subdivision |
Fiction. |
| 9 (RLIN) |
12009 |
| 655 #7 - INDEX TERM--GENRE/FORM |
| Genre/form data or focus term |
Historical fiction. |
| Source of term |
gsafd |
| 9 (RLIN) |
417 |
| 655 #7 - INDEX TERM--GENRE/FORM |
| Genre/form data or focus term |
Fantasy fiction. |
| Source of term |
gsafd |
| 9 (RLIN) |
1087 |
| 856 42 - ELECTRONIC LOCATION AND ACCESS |
| Materials specified |
Contributor biographical information |
| Uniform Resource Identifier |
<a href="http://www.loc.gov/catdir/bios/hol058/2004002402.html">http://www.loc.gov/catdir/bios/hol058/2004002402.html</a> |
| 856 42 - ELECTRONIC LOCATION AND ACCESS |
| Materials specified |
Publisher description |
| Uniform Resource Identifier |
<a href="http://www.loc.gov/catdir/description/hol053/2004002402.html">http://www.loc.gov/catdir/description/hol053/2004002402.html</a> |
| 856 41 - ELECTRONIC LOCATION AND ACCESS |
| Materials specified |
Table of contents |
| Uniform Resource Identifier |
<a href="http://www.loc.gov/catdir/toc/ecip0414/2004002402.html">http://www.loc.gov/catdir/toc/ecip0414/2004002402.html</a> |
| 906 ## - LOCAL DATA ELEMENT F, LDF (RLIN) |
| a |
7 |
| b |
cbc |
| c |
orignew |
| d |
1 |
| e |
ecip |
| f |
20 |
| g |
y-gencatlg |
| 942 ## - ADDED ENTRY ELEMENTS (KOHA) |
| Source of classification or shelving scheme |
|
| Koha item type |
Book |